Statistics for Sharia Law Countries

Click here to take the quiz!

General Stats

  • This quiz has been taken 54,218 times
    (41,263 since last reset)
  • The average score is 8 of 11

Answer Stats

Country% Correct
Iran
97%
Saudi Arabia
97%
Iraq
95%
Yemen
90%
Afghanistan
88%
Pakistan
87%
Qatar
83%
Sudan
58%
Brunei
41%
Mauritania
35%
Maldives
24%

Score Distribution

Percentile by Number Answered

Percent of People with Each Score

Your Score History

You have not taken this quiz since the last reset